Wszystkie rozdziały książki : Harry Potter i Kamień Filozoficzny - Statystyki

Ogólne statystyki
  • Ten quiz został rozwiązany 48 razy
  • Średni wynik to 10 z 17
Statystyki odpowiedzi
Numer Rozdział % Poprawnych
1 Chłopiec który przeżył
93%
4 Strażnik Kluczy
68%
7 Tiara Przydziału
68%
5 Ulica Pokątna
68%
2 Znikająca Szyba
68%
3 Listy od Nikogo
63%
17 Człowiek o dwóch twarzach
59%
11 Quidditch
59%
15 Zakazany Las
59%
13 Nicolas Flamel
56%
10 Noc Duchów
54%
16 Przez klapę w podłodze
54%
14 Norweski Smok Kolczasty
51%
9 Pojedynek o Północy
51%
12 Zwierciadło Ain Eingarp
51%
8 Mistrz Eliksirów
49%
6 Peron numer dziewięć i trzy czwarte
46%
Nie znaleziono quizów pasujących do podanych kryteriów
Rozkład punktacji
Procent ludzi z każdym wynikiem
Percentyl według liczby udzielonych odpowiedzi
Twoja historia wyników
Nie rozwiązałeś tego quizu